000 00320nam a2200145Ia 4500
100 _aKorth/ H.F./ Silberschatz/ A
942 _cBK
654 _aDatabase
245 _aDatabase Systems Concepts
260 _bMc Graw Hill
_aNew York
_c1996
082 _a5.74
_bPAN
300 _a821
546 _aENGLISH
999 _c20484
_d20484